<?xml version="1.0" encoding="UTF-8"?>
<record
    xmlns:xsi="http://www.w3.org/2001/XMLSchema-instance"
    xsi:schemaLocation="http://www.loc.gov/MARC21/slim http://www.loc.gov/standards/marcxml/schema/MARC21slim.xsd"
    xmlns="http://www.loc.gov/MARC21/slim">

  <leader>00560cam a2200181   4500</leader>
  <controlfield tag="008">050222t20012001flua          000 0 eng u</controlfield>
  <datafield tag="020" ind1=" " ind2=" ">
    <subfield code="a">0849398819</subfield>
  </datafield>
  <datafield tag="035" ind1=" " ind2=" ">
    <subfield code="a">a444230</subfield>
  </datafield>
  <datafield tag="050" ind1="0" ind2="0">
    <subfield code="a">SH156 </subfield>
    <subfield code="b">A79 2001</subfield>
  </datafield>
  <datafield tag="245" ind1="1" ind2="0">
    <subfield code="a">Ascorbic acid in aquatic organisms : </subfield>
    <subfield code="b">Status and perspectives / </subfield>
    <subfield code="c"> ed.  Konrad Dabrowski.</subfield>
  </datafield>
  <datafield tag="260" ind1=" " ind2=" ">
    <subfield code="a">Boca Raton, Fla. : </subfield>
    <subfield code="b">CRC, </subfield>
    <subfield code="c">2001</subfield>
  </datafield>
  <datafield tag="300" ind1=" " ind2=" ">
    <subfield code="a">288 p. : </subfield>
    <subfield code="b">il. ;</subfield>
    <subfield code="c">24 cm.</subfield>
  </datafield>
  <datafield tag="504" ind1=" " ind2=" ">
    <subfield code="a">Bibliograf&#xED;a : p. 271-277</subfield>
  </datafield>
  <datafield tag="506" ind1=" " ind2=" ">
    <subfield code="a">Rec. prop. esc.</subfield>
  </datafield>
  <datafield tag="650" ind1="1" ind2="0">
    <subfield code="a">Peces </subfield>
    <subfield code="x">Nutrici&#xF3;n</subfield>
  </datafield>
  <datafield tag="650" ind1="2" ind2="0">
    <subfield code="a">Vitamina C</subfield>
  </datafield>
  <datafield tag="700" ind1="1" ind2=" ">
    <subfield code="a">Dabrowski, Konrad, ed</subfield>
  </datafield>
  <datafield tag="942" ind1=" " ind2=" ">
    <subfield code="2">lcc</subfield>
    <subfield code="c">LIB</subfield>
  </datafield>
  <datafield tag="999" ind1=" " ind2=" ">
    <subfield code="c">148324</subfield>
    <subfield code="d">148322</subfield>
  </datafield>
  <datafield tag="952" ind1=" " ind2=" ">
    <subfield code="1">0</subfield>
    <subfield code="2">lcc</subfield>
    <subfield code="4">0</subfield>
    <subfield code="7">0</subfield>
    <subfield code="a">INV-038</subfield>
    <subfield code="b">INV-038</subfield>
    <subfield code="c">GENERAL</subfield>
    <subfield code="d">2019-04-30</subfield>
    <subfield code="f">0</subfield>
    <subfield code="k">CNE</subfield>
    <subfield code="o">SH156 A79 2001</subfield>
    <subfield code="p">BIIA000001424</subfield>
    <subfield code="r">2019-04-30 00:00:00</subfield>
    <subfield code="t">0</subfield>
    <subfield code="y">LIB</subfield>
  </datafield>
</record>
